Responses for Show #4995 - Friday, May 5, 2006

Contestants

[<< previous game]

Karmie Johnson, a registered nurse from Birmingham, Alabama

Dan McLeod, a student from Vancouver, British Columbia, Canada

Bob Collins, a restaurant manager from Melbourne, Florida (whose 1-day cash winnings total $20,801)

[next game >>]

Jeopardy! Round responses

IT HAPPENED IN MAY
BASEBALL NICKNAMES
BY THE NUMBERS
BRITISH SPELLING BEE
(Alex: You must spell each correct response the way the Brits do.)
SOUTH DAKOTA
A VISIT TO INTEL CORP.
    $200 1
Scotland & England

Dan
    $200 14
(Dan: Who is Reggie Jackson?)
...
(Alex: [*], not Reggie. Different era.)

Joe Jackson

BobDan
    $200 6
(Alex: Right. USA is No. 1.)

Japan

Bob
    $200 11
(Dan: What is C-A-T-L-O-G-U-E?)
(Bob: What is C-A-T-A-L-O-U-G-U-E?)

C-A-T-A-L-O-G-U-E

BobDanKarmie
    $200 19
Columbus Day

Bob
    $200 24
silicon

Dan
    $400 2
the Empire State Building

Dan
    $400 15
Lou Gehrig

Bob
    $400 7
gold

Dan
    $400 12
P-L-O-U-G-H

Triple Stumper
    $2,200 20
Deadwood

Bob
    $400 26
(Dan: What is a nano?)

microns

Dan
Triple Stumper
    $600 3
(Dan: What are Ziegfield's Follies?)
(Bob: What is La Cage aux Folles?)

the Folies Bergères

BobDan
Triple Stumper
    $600 16
Stan Musial

Bob
    $600 8
(Karmie: What is 12?)

7

DanKarmie
    $600 13
T-H-E-A-T-R-E

Bob
    $600 21
McGovern

Bob
    $600 27
a transistor

Bob
    $800 4
15 minutes

Bob
    $800 17
(Carlton) Fisk

Bob
    $800 9
13

Bob
    $800 25
D-R-A-U-G-H-T

Bob
    $800 22
the Missouri

Bob
    $800 28
an electron microscope

Bob
    $1000 5
the Illuminati

Dan
    $1000 18
Ivan Rodriguez

Bob
    $1000 10
mayor of Los Angeles

Dan
    $1000 30
(Dan: What is A-L-U-M-I-N-U-M?)
...
(Alex: We pronounce it and spell it "aluminum"; they pronounce it and spell it "[*]". There's an "I" in there that you left out, Dan; sorry about that.)

A-L-U-M-I-N-I-U-M

Dan
Triple Stumper
    $1000 23
Badlands National Park

Triple Stumper
    $1000 29
Gordon Moore

Triple Stumper

Scores at the first commercial break (after clue 15):

Bob Dan Karmie
$2,200 $2,600 -$400

Scores at the end of the Jeopardy! Round:

Bob Dan Karmie
$10,600 $1,400 -$400

Double Jeopardy! Round responses

CAT
O'
NEIN!
TALES
HIT ME
"OUCH"!
    $400 6
cheetah

Dan
    $400 11
(Mrs.) O'Leary

Dan
    $400 26
Paris

Dan
    $400 16
Canterbury Tales

Bob
    $400 21
"Rock Around The Clock"

Bob
    $400 1
a pouch

Bob
    $800 7
(Karmie: What are canaries?)

the pigeons

Karmie
Triple Stumper
    $800 12
Tam O'Shanter

Dan
    $800 27
East Germany

Dan
    $800 17
Forrest Gump

Karmie
    $800 22
"Satisfaction"

Bob
    $800 2
a touch

Bob
    $1200 8
a Siamese cat

Dan
    $1200 13
a will o' (the) wisp

Dan
    $1200 28
Beethoven

Triple Stumper
    $1200 18
Amy Tan

Dan
    $1200 23
The Captain & Tennille

Dan
    $1200 3
a voucher

Karmie
    $1600 9
Maine

Dan
    $4,000 14
(Alex: [*]. Correct. I was wondering if you'd remember the category because I think you forgot it for a moment.)

(Eugene) O'Neill

Dan
    $4,000 29
(Dan: Who is Ratzler?)
(Alex: No, sorry, it's [*], [*], not Ratzler.)

Ratzinger

Dan
    $1600 19
Ivanhoe

Dan
    $1600 24
Bryan Adams

Karmie
    $1600 4
Scaramouch

Dan
    $2000 10
leo

Triple Stumper
    $2000 15
four o'clocks

Triple Stumper
    $2000 30
Otto Von Bismarck

Dan
    $2000 20
Steppenwolf

Karmie
    $2000 25
TLC

Karmie
    $2000 5
cartouche

Karmie

Scores at the end of the Double Jeopardy! Round:

Bob Dan Karmie
$13,400 $15,800 $8,400

[wagering suggestions for these scores]

Final Jeopardy! Round responses

U.S. PRESIDENTS
(Alex: I have a feeling this Final was so easy that all three of you got it right, so the difference is going to be in the wagering.)
...
(Alex: Odysseus and Ulysses--same name.)
...
(Alex: Dan McLeod. Looks like we're going to get to hear the U.S. national anthem played by a--a pencil and, uh, on his cheek, but he'll going to have to wait two weeks for that, because next week we start our annual Tournament of Champions. See you then. So long, everybody.)
KarmieWho is Grant?
$1,200
BobWho is Ulysses S. Grant?
$13,400
DanWho is Grant?
$11,001
Ulysses S. Grant

Final scores:

Bob Dan Karmie
$26,800 $26,801 $9,600
2nd place: $2,000 New champion: $26,801 3rd place: $1,000

Game dynamics:

Coryat scores:

Bob Dan Karmie
$11,600 $17,400 $8,400
21 R
(including 1 DD),
2 W
21 R
(including 1 DD),
6 W
(including 1 DD)
7 R,
2 W

Combined Coryat: $37,400

[game clues] [game scores] [suggest correction]

Game tape date: Unknown
The J! Archive is created by fans, for fans. Scraping, republication, monetization, and malicious use prohibited; this site may use cookies and collect identifying information. See terms. The Jeopardy! game show and all elements thereof, including but not limited to copyright and trademark thereto, are the property of Jeopardy Productions, Inc. and are protected under law. This website is not affiliated with, sponsored by, or operated by Jeopardy Productions, Inc. Join the discussion at JBoard.tv.